[Event "Langley op"]
[Site "Langley CAN"]
[Date "2018.09.01"]
[Round "2.5"]
[White "Zhu, Brandon"]
[Black "Wang, Daniel"]
[Result "1-0"]
[WhiteElo "2101"]
[BlackElo "1575"]
[PlyCount "77"]
[EventDate "2018.09.01"]
[EventType "swiss"]
[EventRounds "6"]
[EventCountry "CAN"]

1. d4 d5 2. c4 c6 3. Nf3 Nf6 4. e3 e6 5. b3 Be7 6. Bb2 O-O 7. Bd3 b6 8. O-O Ba6
9. Nc3 Nbd7 10. Qe2 c5 11. cxd5 Bxd3 12. Qxd3 exd5 13. Qa6 Qc8 14. Qxc8 Raxc8
15. dxc5 bxc5 16. Rfd1 Nb6 17. Rac1 Rfd8 18. Kf1 Ne4 19. Nxe4 dxe4 20. Nd2 f5
21. Ke2 Nd5 22. a3 Kf7 23. Rc4 Nb6 24. Rc2 Rd5 25. Nc4 Rxd1 26. Kxd1 Rd8+ 27.
Nd2 g6 28. Ke2 Ke6 29. Bc3 Rd3 30. Ba5 Nd5 31. Rc4 Bf6 32. Nxe4 Nf4+ 33. exf4
Rd5 34. Nxf6 Kxf6 35. Bd2 Ke6 36. Rc3 Kd6 37. Rd3 a6 38. Rxd5+ Kxd5 39. Kd3 1-0

[Event "Langley op"]
[Site "Langley CAN"]
[Date "2018.09.01"]
[Round "2.6"]
[White "Clarkson, Paul"]
[Black "Doknjas, Neil"]
[Result "0-1"]
[WhiteElo "1525"]
[BlackElo "2039"]
[PlyCount "86"]
[EventDate "2018.09.01"]
[EventType "swiss"]
[EventRounds "6"]
[EventCountry "CAN"]

1. d4 d5 2. Bf4 Nf6 3. e3 e6 4. Nf3 c5 5. Nbd2 Bd6 6. Bg5 O-O 7. c3 b6 8. Bd3
Nbd7 9. O-O Qc7 10. e4 dxe4 11. Nxe4 Nxe4 12. Bxe4 Rb8 13. Re1 h6 14. Bh4 f5
15. Bc2 g5 16. Rxe6 gxh4 17. Rxh6 Nf6 18. Qd2 Bf4 19. Rg6+ Kh7 20. Rxf6 Bxd2
21. Rxf8 Qe7 22. Bxf5+ Bxf5 23. Rxf5 Bh6 24. Re1 Qd7 25. Rfe5 Rb7 26. h3 cxd4
27. Nxd4 Bg7 28. Rh5+ Kg6 29. Rxh4 Bxd4 30. Rxd4 Qf5 31. Rg4+ Kh7 32. Ree4 Rf7
33. Rh4+ Kg7 34. f3 Qc5+ 35. Kh1 Rf6 36. Reg4+ Rg6 37. Rd4 Qe5 38. Rhe4 Qg5 39.
g4 Qh4 40. Kg2 Rh6 41. Rd7+ Kf8 42. Kg1 Qg3+ 43. Kf1 Qxf3+ 0-1

[Event "Langley op"]
[Site "Langley CAN"]
[Date "2018.09.01"]
[Round "2.7"]
[White "Lehingrat, Callum"]
[Black "Long, Hugh"]
[Result "1-0"]
[WhiteElo "2007"]
[BlackElo "1564"]
[PlyCount "61"]
[EventDate "2018.09.01"]
[EventType "swiss"]
[EventRounds "6"]
[EventCountry "CAN"]

1. d4 Nf6 2. c4 g6 3. Nc3 Bg7 4. e4 d6 5. Nf3 Bg4 6. Be2 O-O 7. O-O Nbd7 8. Be3
e5 9. d5 h6 10. Nd2 Bxe2 11. Qxe2 c6 12. b4 cxd5 13. cxd5 Nb6 14. a4 a5 15.
bxa5 Rxa5 16. Bxb6 Qxb6 17. Nc4 Qc5 18. Nxa5 Qxa5 19. Nb5 Rd8 20. Rfc1 h5 21.
Rc7 Qa6 22. Qc4 Bf8 23. Rb1 Nd7 24. Na3 Qxc4 25. Nxc4 Nc5 26. a5 Rb8 27. f3 f5
28. Rcxb7 Nxb7 29. a6 Na5 30. Rxb8 Nxc4 31. a7 1-0

[Event "Langley op"]
[Site "Langley CAN"]
[Date "2018.09.01"]
[Round "2.8"]
[White "Jose, Marionito"]
[Black "Chung, Alec"]
[Result "1-0"]
[WhiteElo "1522"]
[BlackElo "1900"]
[PlyCount "71"]
[EventDate "2018.09.01"]
[EventType "swiss"]
[EventRounds "6"]
[EventCountry "CAN"]

1. Nf3 Nf6 2. c4 g6 3. g3 Bg7 4. Bg2 O-O 5. O-O d5 6. Qc2 c6 7. d3 Re8 8. Nbd2
e5 9. e4 Na6 10. a3 Bg4 11. h3 Bxf3 12. Bxf3 Qd7 13. Bg2 b5 14. b4 bxc4 15.
dxc4 d4 16. Qd3 Nc7 17. Nb3 Ne6 18. Re1 Rac8 19. c5 Qb7 20. Na5 Qb5 21. Nc4 a5
22. Bd2 Ra8 23. Bf1 axb4 24. axb4 Nd7 25. Qf3 Qb8 26. Nd6 Re7 27. Bc4 Rxa1 28.
Rxa1 Nf6 29. Ra5 Ra7 30. Qa3 Rxa5 31. Qxa5 Bf8 32. Bxe6 fxe6 33. Qa2 Bxd6 34.
Qxe6+ Kg7 35. cxd6 Qe8 36. Qxe8 1-0

[Event "Langley op"]
[Site "Langley CAN"]
[Date "2018.09.01"]
[Round "2.9"]
[White "Gu, Chuyang"]
[Black "Wu, Nathan"]
[Result "1-0"]
[WhiteElo "1880"]
[BlackElo "1510"]
[PlyCount "89"]
[EventDate "2018.09.01"]
[EventType "swiss"]
[EventRounds "6"]
[EventCountry "CAN"]

1. e4 d5 2. exd5 Qxd5 3. Nc3 Qd6 4. d4 c6 5. Nf3 Bg4 6. Be2 Nd7 7. Be3 Ngf6 8.
O-O e6 9. Qd2 Qc7 10. h3 Bh5 11. Ng5 Bxe2 12. Qxe2 Bd6 13. Nge4 Bf4 14. a4 O-O
15. Qf3 Bxe3 16. fxe3 Nd5 17. Ne2 N7f6 18. N2g3 a5 19. c4 Nxe4 20. Nxe4 Nb4 21.
c5 e5 22. Qg3 Nd3 23. b3 Rac8 24. Nd6 exd4 25. exd4 Nb4 26. Rae1 Nd5 27. Qg4
Rcd8 28. Nf5 f6 29. Nd6 b6 30. Ne4 Kh8 31. cxb6 Qxb6 32. Nc5 Rfe8 33. Ne6 Rd7
34. Nxg7 Rg8 35. Qxd7 Qxd4+ 36. Kh1 Rxg7 37. Re8+ Rg8 38. Rfe1 Ne7 39. Rxg8+
Nxg8 40. Qxd4 Kg7 41. Re8 Nh6 42. h4 Nf7 43. Qg4+ Kh6 44. Rg8 c5 45. Qg7+ 1-0

[Event "Langley op"]
[Site "Langley CAN"]
[Date "2018.09.01"]
[Round "2.10"]
[White "Hamm, Robert"]
[Black "Wang, Kai"]
[Result "1/2-1/2"]
[WhiteElo "1458"]
[BlackElo "1800"]
[PlyCount "49"]
[EventDate "2018.09.01"]
[EventType "swiss"]
[EventRounds "6"]
[EventCountry "CAN"]

1. e4 c5 2. Nf3 d6 3. d4 cxd4 4. Nxd4 Nf6 5. Nc3 g6 6. f3 a6 7. Be3 b5 8. Qd2
Bb7 9. O-O-O Nbd7 10. g4 h6 11. h4 b4 12. Nce2 e5 13. Nb3 a5 14. Kb1 d5 15.
exd5 a4 16. Nbc1 Nxd5 17. Rh3 Qc7 18. Ng3 O-O-O 19. Bb5 N7b6 20. Qf2 Be7 21.
Rhh1 Nxe3 22. Rxd8+ Rxd8 23. Qxe3 Kb8 24. Qe2 a3 25. b3 1/2-1/2

[Event "Langley op"]
[Site "Langley CAN"]
[Date "2018.09.02"]
[Round "3.1"]
[White "Sohal, Tanraj"]
[Black "Gu, Chuyang"]
[Result "1-0"]
[WhiteElo "2393"]
[BlackElo "1880"]
[PlyCount "53"]
[EventDate "2018.09.01"]
[EventType "swiss"]
[EventRounds "6"]
[EventCountry "CAN"]

1. d4 Nf6 2. c4 e6 3. Nf3 b6 4. g3 Bb7 5. Bg2 Be7 6. O-O O-O 7. Nc3 Na6 8. a3
c5 9. d5 exd5 10. cxd5 d6 11. e4 Nd7 12. Re1 Nc7 13. Bf4 c4 14. Nd4 Nc5 15. Bf1
Ba6 16. Nc6 Qd7 17. e5 Ne8 18. Qh5 Bd8 19. Rad1 Nd3 20. Bxd3 cxd3 21. Nb4 dxe5
22. Bxe5 Bc4 23. Nxd3 Nf6 24. Qf3 Bxd5 25. Nxd5 Qxd5 26. Qxd5 Nxd5 27. Bd6 1-0

[Event "Langley op"]
[Site "Langley CAN"]
[Date "2018.09.02"]
[Round "3.3"]
[White "Doknjas, Joshua"]
[Black "Taylor, Tristan"]
[Result "1-0"]
[WhiteElo "2252"]
[BlackElo "1750"]
[PlyCount "93"]
[EventDate "2018.09.01"]
[EventType "swiss"]
[EventRounds "6"]
[EventCountry "CAN"]

1. e4 e6 2. d4 d5 3. Nc3 Nf6 4. Bg5 Bb4 5. e5 h6 6. Bc1 Ne4 7. Qg4 Nxc3 8. Qxg7
Nxa2+ 9. c3 Kd7 10. Rxa2 Qf8 11. Qg4 Be7 12. f4 Kd8 13. Bd3 c5 14. Nf3 Nc6 15.
dxc5 Bxc5 16. b4 Bb6 17. b5 Nb8 18. Ba3 Bc5 19. Bxc5 Qxc5 20. Qg7 Qf8 21. Qf6+
Ke8 22. O-O Nd7 23. Qh4 Nc5 24. Bc2 Qe7 25. Qg3 Nd7 26. Nd4 Nc5 27. b6 a6 28.
Nb5 axb5 29. Rxa8 Kd7 30. Bd3 Nxd3 31. Qxd3 Qc5+ 32. Qd4 Kc6 33. Qxc5+ Kxc5 34.
Kf2 Kxb6 35. Ke3 Kc7 36. Rb1 Rh7 37. Rxb5 Bd7 38. Rb2 Bc6 39. Rg8 Kd7 40. g4
Ke7 41. h4 f6 42. Rb8 Rg7 43. R8xb7+ Bxb7 44. Rxb7+ Kf8 45. Rxg7 Kxg7 46. exf6+
Kxf6 47. Kd4 1-0

[Event "Langley op"]
[Site "Langley CAN"]
[Date "2018.09.02"]
[Round "3.4"]
[White "Jiang, Kate"]
[Black "Bremner, William"]
[Result "1/2-1/2"]
[WhiteElo "1694"]
[BlackElo "2192"]
[PlyCount "128"]
[EventDate "2018.09.01"]
[EventType "swiss"]
[EventRounds "6"]
[EventCountry "CAN"]

1. e4 c6 2. d4 d5 3. Nc3 dxe4 4. Nxe4 Bf5 5. Ng3 Bg6 6. h4 h6 7. h5 Bh7 8. Nf3
Nd7 9. Bd3 Bxd3 10. Qxd3 e6 11. Bf4 Qa5+ 12. Bd2 Bb4 13. c3 Be7 14. Bf4 Ngf6
15. Ne5 Rd8 16. Qf3 O-O 17. Ne4 Qa6 18. Ng4 Nxe4 19. Qxe4 c5 20. Ne5 Nf6 21.
Qe2 Qxe2+ 22. Kxe2 cxd4 23. cxd4 Rxd4 24. Nd3 Rfd8 25. Rad1 R4d5 26. Be5 Ng4
27. Bg3 Bd6 28. Bh4 Rd7 29. f3 Ne5 30. Nc1 Bc5 31. Rxd5 Rxd5 32. Nb3 Bb6 33.
Nd2 Nc6 34. g4 f5 35. Nc4 Bc7 36. Bf2 fxg4 37. fxg4 Ne5 38. Ne3 Rb5 39. b3 Bb6
40. Rg1 Rb4 41. g5 hxg5 42. Rxg5 Nf7 43. Rg4 Rxg4 44. Nxg4 Bxf2 45. Nxf2 Ne5
46. Ne4 Nd7 47. Ng5 e5 48. Ke3 Nf6 49. Nf3 Nxh5 50. Nxe5 Nf6 51. Nc4 Nd7 52.
Nd6 b6 53. b4 a6 54. a4 Kf8 55. Ke4 Ke7 56. Kd5 g5 57. Nf5+ Kf6 58. Ng3 a5 59.
bxa5 bxa5 60. Kc6 Ke6 61. Kb5 Kd5 62. Kxa5 Kc6 63. Kb4 Kb6 64. Kc4 Ka5 1/2-1/2

[Event "Langley op"]
[Site "Langley CAN"]
[Date "2018.09.02"]
[Round "3.5"]
[White "Wu, Charles"]
[Black "Zhu, Brandon"]
[Result "0-1"]
[WhiteElo "1676"]
[BlackElo "2101"]
[PlyCount "80"]
[EventDate "2018.09.01"]
[EventType "swiss"]
[EventRounds "6"]
[EventCountry "CAN"]

1. d4 d5 2. Bf4 Nf6 3. e3 e6 4. Nd2 Bd6 5. Bg3 O-O 6. Ngf3 b6 7. Bd3 c5 8. c3
Ba6 9. Bxa6 Nxa6 10. Ne5 Nb8 11. O-O Qc7 12. Rc1 g6 13. f4 Nh5 14. Qg4 Ng7 15.
Bh4 f6 16. Nxg6 hxg6 17. Qxg6 Qf7 18. Qg4 Qh5 19. Qh3 Nc6 20. Rf3 Nf5 21. Rg3+
Kf7 22. e4 Qxh4 23. exf5 Qxh3 24. Rxh3 exf5 25. g3 cxd4 26. Rh7+ Kg6 27. Rd7
Rfd8 28. Rxd8 Rxd8 29. Nf3 dxc3 30. Rxc3 Bc5+ 31. Kf1 d4 32. Rc1 Kh5 33. a3 a5
34. h3 Ne7 35. Nd2 Nd5 36. Nb3 d3 37. Ke1 Re8+ 38. Kd1 Re2 39. Rxc5 bxc5 40.
Nxc5 Ne3+ 0-1

[Event "Langley op"]
[Site "Langley CAN"]
[Date "2018.09.02"]
[Round "3.6"]
[White "Doknjas, Neil"]
[Black "Ingram, Richard"]
[Result "0-1"]
[WhiteElo "2039"]
[BlackElo "1654"]
[PlyCount "176"]
[EventDate "2018.09.01"]
[EventType "swiss"]
[EventRounds "6"]
[EventCountry "CAN"]

1. e4 c5 2. Nf3 d6 3. d4 cxd4 4. Nxd4 Nf6 5. Nc3 Nc6 6. f3 e6 7. Be3 Be7 8. Qd2
a6 9. O-O-O Qc7 10. g4 b5 11. g5 Nd7 12. f4 b4 13. Na4 Nc5 14. Nxc5 dxc5 15.
Nb3 O-O 16. Nxc5 Qa5 17. Nb3 Qxa2 18. f5 exf5 19. Bg2 Be6 20. Qd3 Rad8 21. Qe2
Bxb3 22. cxb3 Rc8 23. Kd2 Qxb2+ 24. Ke1 Qxb3 25. exf5 Bc5 26. Rd3 Qc4 27. Kf1
Bxe3 28. Rxe3 Qxe2+ 29. Rxe2 Nd4 30. Re4 Rc1+ 31. Kf2 Rxh1 32. Bxh1 Rd8 33. f6
b3 34. Re1 a5 35. Be4 Nc2 36. Rb1 Rd2+ 37. Kg1 a4 38. Bc6 Rd4 39. Bxa4 Rxa4 40.
Rxb3 Ra8 41. fxg7 Nd4 42. Rd3 Ne6 43. h4 Kxg7 44. Kf2 Ra4 45. Kg3 Nc5 46. Rf3
Ne4+ 47. Kh3 Rc4 48. Rf1 Rc3+ 49. Kg4 Rg3+ 50. Kf4 Nd2 51. Rf2 Rd3 52. Kg4 Rd4+
53. Kh3 Nc4 54. Rf5 Ne3 55. Ra5 Nd5 56. Kg3 Ne7 57. Rb5 Rd5 58. Rb6 Nf5+ 59.
Kg4 Nd4 60. Ra6 Ne6 61. Kg3 Kg6 62. Ra7 Rf5 63. Kg4 Rf4+ 64. Kg3 h6 65. gxh6
Kxh6 66. Re7 Rf6 67. Kg4 Nd4 68. Re5 Nf3 69. Ra5 Kg6 70. h5+ Kh6 71. Rb5 Nd4
72. Rd5 Ne6 73. Ra5 Rf4+ 74. Kg3 Rc4 75. Rf5 Ng5 76. Rf1 Kxh5 77. Rh1+ Kg6 78.
Rf1 Ne4+ 79. Kg2 f5 80. Ra1 Kg5 81. Kf3 Rc3+ 82. Kg2 Kg4 83. Ra2 f4 84. Kh2
Rh3+ 85. Kg2 f3+ 86. Kg1 f2+ 87. Kg2 Rg3+ 88. Kh2 f1=Q 0-1

[Event "Langley op"]
[Site "Langley CAN"]
[Date "2018.09.02"]
[Round "3.7"]
[White "Pangilinan, Emmanuel"]
[Black "Lehingrat, Callum"]
[Result "0-1"]
[WhiteElo "1661"]
[BlackElo "2007"]
[PlyCount "62"]
[EventDate "2018.09.01"]
[EventType "swiss"]
[EventRounds "6"]
[EventCountry "CAN"]

1. e4 c5 2. f4 a6 3. Nf3 b5 4. a4 b4 5. Bc4 e6 6. e5 d6 7. b3 d5 8. Be2 Be7 9.
Bb2 Nh6 10. g3 Nc6 11. d4 Qb6 12. Qd3 Nf5 13. g4 Nfxd4 14. Nbd2 Nxe2 15. Qxe2
a5 16. Kf2 c4+ 17. Kg3 c3 18. Bc1 cxd2 19. Bxd2 Ba6 20. Qe1 h5 21. g5 g6 22. h4
Bc5 23. Rh2 Ne7 24. Rc1 Nf5+ 25. Kh3 Rc8 26. Rg2 O-O 27. Nh2 Be3 28. Nf3 Bxd2
29. Qxd2 Rc3 30. Rf2 Nd4 31. Rcf1 Bxf1+ 0-1

[Event "Langley op"]
[Site "Langley CAN"]
[Date "2018.09.02"]
[Round "3.8"]
[White "McLaren, Brian"]
[Black "Jose, Marionito"]
[Result "1-0"]
[WhiteElo "2152"]
[BlackElo "1522"]
[PlyCount "79"]
[EventDate "2018.09.01"]
[EventType "swiss"]
[EventRounds "6"]
[EventCountry "CAN"]

1. e4 g6 2. d4 Bg7 3. Nf3 d6 4. Nc3 a6 5. a4 b6 6. Be3 Nd7 7. Qd2 Bb7 8. Bd3
Ngf6 9. Bh6 Bxh6 10. Qxh6 e5 11. O-O Qe7 12. Rfe1 O-O-O 13. Nd5 Nxd5 14. exd5
Qf6 15. dxe5 dxe5 16. b4 Rde8 17. Rab1 Bxd5 18. Bxa6+ Kd8 19. Nd2 Qf4 20. Qxf4
exf4 21. Red1 Ke7 22. Nb3 Nf6 23. Nd4 Ba8 24. Bb5 Rd8 25. Nc6+ Bxc6 26. Bxc6
Rxd1+ 27. Rxd1 Rd8 28. Rxd8 Kxd8 29. Kf1 Nd7 30. Bxd7 Kxd7 31. Ke2 f5 32. Kd3
Kc6 33. Kc4 h5 34. f3 h4 35. h3 g5 36. Kd4 Kd6 37. c3 c5+ 38. bxc5+ bxc5+ 39.
Kc4 Ke5 40. Kxc5 1-0

[Event "Langley op"]
[Site "Langley CAN"]
[Date "2018.09.02"]
[Round "3.9"]
[White "Wang, Kai"]
[Black "Qiu, Peter Yong"]
[Result "1-0"]
[WhiteElo "1800"]
[BlackElo "1113"]
[PlyCount "31"]
[EventDate "2018.09.01"]
[EventType "swiss"]
[EventRounds "6"]
[EventCountry "CAN"]

1. e4 e5 2. Nf3 Nc6 3. d4 exd4 4. Nxd4 Bc5 5. Be3 Qh4 6. Nc3 Qf6 7. Nd5 Qe5 8.
Nxc6 dxc6 9. Nxc7+ Qxc7 10. Bxc5 Qa5+ 11. b4 Qa3 12. Qd3 Qb2 13. Qd4 Qxc2 14.
Bd3 Qa4 15. Qxg7 Be6 16. O-O 1-0

[Event "Langley op"]
[Site "Langley CAN"]
[Date "2018.09.02"]
[Round "3.10"]
[White "Landingin, Jofrei"]
[Black "Hamm, Robert"]
[Result "1-0"]
[WhiteElo "1768"]
[BlackElo "1458"]
[PlyCount "77"]
[EventDate "2018.09.01"]
[EventType "swiss"]
[EventRounds "6"]
[EventCountry "CAN"]

1. e4 e6 2. d3 b6 3. g3 Bb7 4. Bg2 c5 5. Nd2 Nc6 6. Ngf3 Be7 7. O-O d6 8. Re1
Qc7 9. c3 Nf6 10. h3 O-O 11. Nf1 Rfd8 12. Qe2 Rac8 13. N1h2 Ba6 14. g4 Ne5 15.
Rd1 Rd7 16. Ne1 Rcd8 17. f4 Ng6 18. g5 Ne8 19. Qg4 e5 20. f5 Nh8 21. c4 b5 22.
b3 bxc4 23. dxc4 f6 24. h4 Nf7 25. Rd3 fxg5 26. hxg5 Rb8 27. Bd2 Nd8 28. Rh3
Bf8 29. Nc2 Nc6 30. Rf1 Kh8 31. Ne3 Qd8 32. Nd5 Nd4 33. Qh5 h6 34. f6 gxf6 35.
gxf6 Rh7 36. Ng4 Rbb7 37. Bxh6 Rbf7 38. Bg7+ Rfxg7 39. fxg7+ 1-0

[Event "Langley op"]
[Site "Langley CAN"]
[Date "2018.09.02"]
[Round "4.3"]
[White "Ingram, Richard"]
[Black "Doknjas, Joshua"]
[Result "0-1"]
[WhiteElo "1654"]
[BlackElo "2252"]
[PlyCount "84"]
[EventDate "2018.09.01"]
[EventType "swiss"]
[EventRounds "6"]
[EventCountry "CAN"]

1. e4 c5 2. Nc3 a6 3. Nge2 d6 4. d4 cxd4 5. Qxd4 Nc6 6. Qd2 Nf6 7. b3 e6 8. Bb2
b5 9. Nd4 Bb7 10. a3 Be7 11. Nxc6 Bxc6 12. Bd3 Qb6 13. O-O O-O 14. Rae1 Rfd8
15. Qg5 e5 16. Re3 h6 17. Qh4 Kf8 18. Qg3 a5 19. Qf3 Qb7 20. Qe2 b4 21. Nb5 Qb6
22. a4 Bd7 23. h3 Be6 24. Kh1 Nd7 25. Bc4 Nc5 26. Bxe6 Nxe6 27. g3 Qc5 28. c3
bxc3 29. Rxc3 Qb6 30. Rd1 Qb7 31. Kh2 Nc5 32. Rd5 Rac8 33. f4 Kg8 34. Qf3 Qb6
35. Rc4 Nxb3 36. Qxb3 Qf2+ 37. Kh1 Qf1+ 38. Kh2 Qe2+ 39. Kg1 Rxc4 40. Nc3 Qe1+
41. Kh2 Qf2+ 42. Kh1 Rb4 0-1

[Event "Langley op"]
[Site "Langley CAN"]
[Date "2018.09.02"]
[Round "4.4"]
[White "Bremner, William"]
[Black "Wang, Kai"]
[Result "1-0"]
[WhiteElo "2192"]
[BlackElo "1800"]
[PlyCount "79"]
[EventDate "2018.09.01"]
[EventType "swiss"]
[EventRounds "6"]
[EventCountry "CAN"]

1. d4 f5 2. Nf3 Nf6 3. g3 e6 4. c4 Be7 5. Bg2 O-O 6. O-O d6 7. b3 Nbd7 8. Bb2
Ne4 9. Nbd2 Ndf6 10. Qc2 Qe8 11. Nxe4 fxe4 12. Nd2 d5 13. f3 Qh5 14. Qc3 a5 15.
a3 exf3 16. exf3 c6 17. c5 Bd8 18. Rae1 Bc7 19. f4 Bd7 20. Bf3 Qg6 21. Kh1 Kh8
22. Re2 Ng8 23. Rfe1 Rf6 24. Bg2 Nh6 25. Nf3 Qh5 26. Bc1 Ng4 27. Kg1 a4 28. b4
Raf8 29. h3 Nh6 30. g4 Nxg4 31. hxg4 Qxg4 32. Ne5 Bxe5 33. Rxe5 Rg6 34. Qc2 h6
35. R1e2 h5 36. Qd3 h4 37. Kf1 Rh6 38. Bh3 Rxf4+ 39. Bxf4 Qxf4+ 40. Rf2 1-0

[Event "Langley op"]
[Site "Langley CAN"]
[Date "2018.09.02"]
[Round "4.5"]
[White "Landingin, Jofrei"]
[Black "McLaren, Brian"]
[Result "0-1"]
[WhiteElo "1768"]
[BlackElo "2152"]
[PlyCount "64"]
[EventDate "2018.09.01"]
[EventType "swiss"]
[EventRounds "6"]
[EventCountry "CAN"]

1. e4 Nf6 2. d3 e5 3. g3 d5 4. Nd2 c5 5. Bg2 Nc6 6. h3 Be7 7. Ngf3 dxe4 8. dxe4
b6 9. O-O O-O 10. Re1 Qc7 11. b3 Ba6 12. Bf1 Bxf1 13. Kxf1 Rad8 14. Qe2 Nd4 15.
Nxd4 cxd4 16. Nf3 Nd7 17. Rd1 Rc8 18. Ne1 Qc6 19. a4 f5 20. Qb5 fxe4 21. Kg1
Qe6 22. Kg2 Qf5 23. Qe2 Rc3 24. Ba3 Bxa3 25. Rxa3 Nc5 26. a5 b5 27. Ra2 a6 28.
Rb2 Ne6 29. b4 Ng5 30. g4 Qf6 31. Rb3 Nxh3 32. Rxc3 Nf4+ 0-1

[Event "Langley op"]
[Site "Langley CAN"]
[Date "2018.09.02"]
[Round "4.6"]
[White "Doknjas, Neil"]
[Black "Jiang, Kate"]
[Result "0-1"]
[WhiteElo "2039"]
[BlackElo "1694"]
[PlyCount "128"]
[EventDate "2018.09.01"]
[EventType "swiss"]
[EventRounds "6"]
[EventCountry "CAN"]

1. e4 e5 2. Nf3 Nc6 3. d4 exd4 4. Nxd4 Bc5 5. Be3 Qf6 6. c3 Nge7 7. Bc4 d6 8.
O-O O-O 9. f4 Be6 10. Be2 Bb6 11. Kh1 Rfe8 12. Qd2 h6 13. Bf3 Rad8 14. g4 Bc4
15. Rg1 Nxd4 16. cxd4 Nc6 17. Rd1 Na5 18. b4 Nc6 19. Na3 Be6 20. f5 Bc8 21. b5
Nb8 22. g5 Qe7 23. gxh6 d5 24. Rg1 Bxf5 25. Rxg7+ Kh8 26. Bg5 Qxa3 27. Bf6
Qxf3+ 28. Kg1 Bxe4 29. Rxf7+ Kg8 30. Rg7+ Kf8 31. Be7+ Rxe7 32. Rf1 Qxf1+ 33.
Kxf1 Rxg7 34. hxg7+ Kg8 35. Qh6 Kf7 36. Qf4+ Kg8 37. Qh4 c6 38. Qh8+ Kf7 39. h4
Rg8 40. Qh5+ Bg6 41. Qg4 Rxg7 42. Qf4+ Kg8 43. Qxb8+ Kh7 44. bxc6 bxc6 45. Qe5
Rf7+ 46. Ke2 Bd8 47. Qg3 Bf6 48. Qf4 Re7+ 49. Kd2 Bg7 50. Qd6 Re4 51. Qxc6
Rxd4+ 52. Ke3 Re4+ 53. Kf3 Rxh4 54. Qa6 d4 55. Qxa7 d3 56. Qd7 Rd4 57. Qh3+ Bh6
58. Qh2 Rd7 59. Qh3 Rf7+ 60. Kg3 d2 61. Qh1 Bc2 62. Qd5 Rg7+ 63. Kh4 d1=Q 64.
Qf5+ Bxf5 0-1

[Event "Langley op"]
[Site "Langley CAN"]
[Date "2018.09.02"]
[Round "4.7"]
[White "Short, Ben"]
[Black "Chung, Alec"]
[Result "0-1"]
[WhiteElo "1550"]
[BlackElo "1900"]
[PlyCount "102"]
[EventDate "2018.09.01"]
[EventType "swiss"]
[EventRounds "6"]
[EventCountry "CAN"]

1. d4 Nf6 2. c4 g6 3. Nc3 d5 4. Bf4 Bg7 5. e3 c6 6. Nf3 O-O 7. h3 Nbd7 8. cxd5
Nxd5 9. Nxd5 cxd5 10. Bd3 Qa5+ 11. Qd2 Qxd2+ 12. Nxd2 e5 13. dxe5 Nxe5 14. Bxe5
Bxe5 15. Rb1 Be6 16. Nf3 Bg7 17. O-O Rac8 18. Nd4 Bd7 19. Rfc1 a6 20. b4 Rxc1+
21. Rxc1 Rc8 22. Rxc8+ Bxc8 23. b5 Bxd4 24. exd4 Kf8 25. f4 Ke7 26. Kf2 axb5
27. Bxb5 Bd7 28. Be2 Kd6 29. Ke3 Kc7 30. g4 Kb6 31. Kd2 Ka5 32. Kc3 Ka4 33. Kb2
b6 34. Bf3 Be6 35. a3 f6 36. h4 h6 37. Bd1+ Kb5 38. Kb3 f5 39. gxf5 Bxf5 40.
Be2+ Ka5 41. Bf3 Be4 42. Bxe4 dxe4 43. Kc4 b5+ 44. Kc3 Kb6 45. Kc2 Kc6 46. h5
gxh5 47. Kd2 h4 48. Ke3 h3 49. Kf2 h2 50. Kg2 e3 51. f5 e2 0-1

[Event "Langley op"]
[Site "Langley CAN"]
[Date "2018.09.02"]
[Round "4.8"]
[White "Gu, Chuyang"]
[Black "Thuveson, Jeremy"]
[Result "1-0"]
[WhiteElo "1880"]
[BlackElo "1500"]
[PlyCount "64"]
[EventDate "2018.09.01"]
[EventType "swiss"]
[EventRounds "6"]
[EventCountry "CAN"]

1. e4 e6 2. d4 d5 3. Bd3 c5 4. exd5 Qxd5 5. Nc3 Qxd4 6. Nb5 Qd8 7. Bf4 Na6 8.
Qe2 Be7 9. O-O-O Qa5 10. Bc4 Nf6 11. Bd6 Bxd6 12. Nxd6+ Ke7 13. Nf3 Rd8 14. Qe5
Kf8 15. Ng5 Qc7 16. Ngxf7 Rd7 17. Ng5 Re7 18. Nge4 Ne8 19. Qh5 h6 20. g4 Nxd6
21. Nxd6 e5 22. g5 Be6 23. gxh6 g6 24. Qxg6 Bxc4 25. Nxc4 e4 26. Nd6 Nb4 27.
Qf6+ Kg8 28. Rhg1+ Kh7 29. Nf5 Nxa2+ 30. Kb1 Nc3+ 31. bxc3 Qb6+ 32. Qxb6 axb6
1-0

[Event "Langley op"]
[Site "Langley CAN"]
[Date "2018.09.02"]
[Round "4.9"]
[White "Xu, Andrew"]
[Black "Yang, Brian"]
[Result "0-1"]
[WhiteElo "1539"]
[BlackElo "1781"]
[PlyCount "66"]
[EventDate "2018.09.01"]
[EventType "swiss"]
[EventRounds "6"]
[EventCountry "CAN"]

1. e4 c5 2. Nf3 e6 3. b3 Nc6 4. Bb2 d6 5. Be2 Nf6 6. d3 Be7 7. O-O O-O 8. c4 a6
9. Nc3 Nd7 10. d4 Bf6 11. d5 exd5 12. exd5 Nd4 13. Nxd4 Bxd4 14. Qc2 Ne5 15.
Ne4 f5 16. Bxd4 cxd4 17. Ng3 f4 18. Ne4 f3 19. Bxf3 Nxf3+ 20. gxf3 Rxf3 21. Qe2
Bg4 22. Qd2 Qh4 23. Ng3 Qh3 24. Qxd4 Raf8 25. Rae1 R3f4 26. Qe3 Rf3 27. Qe4 Bd7
28. Re3 R3f4 29. Qg2 Qh6 30. Re7 Bh3 31. Qh1 Bxf1 32. Kxf1 Rxf2+ 33. Ke1 Qc1#
0-1

[Event "Langley op"]
[Site "Langley CAN"]
[Date "2018.09.02"]
[Round "4.10"]
[White "Taylor, Tristan"]
[Black "Wu, Nathan"]
[Result "1-0"]
[WhiteElo "1750"]
[BlackElo "1510"]
[PlyCount "145"]
[EventDate "2018.09.01"]
[EventType "swiss"]
[EventRounds "6"]
[EventCountry "CAN"]

1. Nf3 d5 2. c4 c6 3. d4 Bf5 4. Qb3 Qc7 5. cxd5 cxd5 6. Nc3 e6 7. Nb5 Qd7 8.
Bf4 Na6 9. e4 Bxe4 10. Nd6+ Bxd6 11. Bb5 Bb4+ 12. Qxb4 Nxb4 13. Bxd7+ Kxd7 14.
Ne5+ Ke7 15. O-O Nd3 16. Nxd3 Bxd3 17. Rfd1 Bb5 18. a4 Bc6 19. b4 Nf6 20. b5
Bd7 21. Bd2 Rhc8 22. Bb4+ Ke8 23. f3 Rc2 24. Bc5 b6 25. Bd6 Rac8 26. a5 Rb2 27.
axb6 axb6 28. Ra7 Rbc2 29. Rb7 Rc1 30. Rxc1 Rxc1+ 31. Kf2 Kd8 32. Rxb6 Ne8 33.
Bc5 Rb1 34. Ra6 Rxb5 35. g4 Kc7 36. Kg3 Nf6 37. Kf4 Bc6 38. Bf8 Kb7 39. Ra3 Ne8
40. h4 Kb6 41. Bc5+ Rxc5 42. dxc5+ Kxc5 43. Rc3+ Kd6 44. Ke3 e5 45. Ra3 d4+ 46.
Ke2 Bb5+ 47. Kd2 Kc5 48. Ra7 f6 49. Re7 h6 50. g5 hxg5 51. h5 Kd6 52. Rxg7 f5
53. Rxg5 Ke6 54. h6 Nf6 55. Rg7 Bc6 56. Ke2 Bd5 57. h7 Nxh7 58. Rxh7 Kf6 59.
Rh6+ Kg5 60. Rd6 Bc4+ 61. Kf2 Kf4 62. Rh6 d3 63. Rh4+ Kg5 64. Rxc4 f4 65. Re4
Kf5 66. Ke1 Ke6 67. Kd2 Kd6 68. Kxd3 Kd5 69. Re2 Kd6 70. Ke4 Ke6 71. Rd2 Kf6
72. Rd6+ Kg5 73. Kxe5 1-0

[Event "Langley op"]
[Site "Langley CAN"]
[Date "2018.09.03"]
[Round "5.1"]
[White "Doknjas, Joshua"]
[Black "Sohal, Tanraj"]
[Result "1/2-1/2"]
[WhiteElo "2252"]
[BlackElo "2393"]
[PlyCount "61"]
[EventDate "2018.09.01"]
[EventType "swiss"]
[EventRounds "6"]
[EventCountry "CAN"]

1. e4 c5 2. Nf3 e6 3. d4 cxd4 4. Nxd4 Nf6 5. Nc3 Nc6 6. Nxc6 bxc6 7. e5 Nd5 8.
Ne4 Qc7 9. f4 Qb6 10. c4 Ne3 11. Qd3 Nf5 12. g4 Nd4 13. b3 h5 14. g5 Bb7 15.
Bg2 O-O-O 16. Bb2 Nf5 17. O-O-O c5 18. Kb1 d5 19. cxd5 Bxd5 20. Rhe1 Be7 21.
Qc2 Kb8 22. Qf2 Bb7 23. Nd2 Bxg2 24. Qxg2 Qb7 25. Qf2 Rd5 26. Nc4 Rhd8 27. Rc1
g6 28. Qe2 R8d7 29. Ka1 Rd8 30. Qc2 R8d7 31. Qe2 1/2-1/2

[Event "Langley op"]
[Site "Langley CAN"]
[Date "2018.09.03"]
[Round "5.3"]
[White "Lehingrat, Callum"]
[Black "Bremner, William"]
[Result "1/2-1/2"]
[WhiteElo "2007"]
[BlackElo "2192"]
[PlyCount "28"]
[EventDate "2018.09.01"]
[EventType "swiss"]
[EventRounds "6"]
[EventCountry "CAN"]

1. d4 Nf6 2. c4 e6 3. g3 d5 4. Nf3 Bb4+ 5. Bd2 Be7 6. Bg2 O-O 7. O-O c6 8. Qc2
Nbd7 9. Bf4 b6 10. Rd1 Ba6 11. Ne5 Nxe5 12. dxe5 Nd7 13. cxd5 cxd5 14. Nc3 Qc7
1/2-1/2